Countries with embassies and consulates in Saint Kitts and Nevis - Statistics

General Stats
  • This quiz has been taken 33 times
  • The average score is 4 of 5
Answer Stats
Continent Country % Correct
South America Brazil
97%
South America Venezuela
84%
North America Cuba
81%
Europe the Netherlands
58%
Asia Taiwan
48%
No matching quizzes found
Score Distribution
Percent of People with Each Score
Percentile by Number Answered
Your Score History
You have not taken this quiz